000 01292cam a22003854a 4500
999 _c3959
_d3959
001 13343377
003 OSt
005 20210402142657.0
008 030910s2004 stka b 001 0 eng
010 _a 2003020168
015 _aGBA4Z6211
_2bnb
016 7 _a101190531
_2DNLM
016 7 _a007035741
_2Uk
020 _a0702017752
020 _a9780702017759
035 _a(OCoLC)53051710
035 _a(OCoLC)ocm53051710
040 _aDNLM/DLC
_cDLC
_dYDX
_dNLM
_dUKM
_dBAKER
_dBTCTA
_dYDXCP
_dOCLCG
_dDLC
042 _apcc
050 0 0 _aRG101
_b.C6815 2004
060 0 0 _a2004 D-943
060 1 0 _aWQ 100
_bC6415 2004
082 0 0 _aWQ100 C611j 2004
100 _aEdited by Drife, James O.; Magowan, Brian.
_914034
245 0 0 _aClinical Obstetrics and Gynaecology
260 _aEdinburgh ;
_aNew York :
_bSaunders,
_c2004.
300 _aix, 503 p. :
_bcol.ill ;
_c27 cm.
504 _aIncludes bibliographical references (p. 483-484) and index.
650 0 _aGynecology.
_91956
650 0 _aObstetrics.
_95
856 4 1 _3Table of contents
_uhttp://www.loc.gov/catdir/toc/ecip048/2003020168.html
906 _a7
_bcbc
_corignew
_d1
_eecip
_f20
_gy-gencatlg
942 _2ddc
_cSLOAN